000 00707nam a22002297a 4500
003 URS
005 20251022142532.0
008 251007b ||||| |||| 00| 0 eng d
020 _a978-621-02-2643-0
040 _cURS
050 _aHC79
_b.E5.C543 2025
100 _aClaridades, Alvin T.
245 _aFundamentals of Philippine Environmental Planning
_bPrinciples, Processes, Practice, and Ethics
264 _aQuezon City
_bCentral Book Supply Inc.
_c©2025
300 _a576 pages.,:
_c24 cm.
336 _2rdacontent
_atext
337 _2rdamedia
_aunmediated
338 _2rdacarrier
_avolume
650 0 _aEnvironmental Policy
650 0 _aEnvironmental planning
_xPhilippines
942 _2lcc
_cF
999 _c88298
_d88295